Des théories du droit naturel.

Guardat en:
Dades bibliogràfiques
Autor corporatiu: Université de Caen (auteur)
Format: Llibre
Publicat: Caen, France: Presses Universitaires de Caen, 1988.
Col·lecció:Cahiers de philosophie politique et juridique,
Matèries:
Etiquetes: Afegir etiqueta
Sense etiquetes, Sigues el primer a etiquetar aquest registre!

MARC

LEADER 00000nam a22000007a 4500
003 CL-VaPUC
005 20220822114731.0
008 220727t1988 ||||| |||| 00| 0 eng d
999 |c 437626  |d 437624 
020 |a 2-7116-9547-6 
020 |a 2-905461-28-4 
022 |a 0759-1810 
040 |c Pontificia Universidad Católica de Valparaíso 
082 7 |a 340.112 UNI 1988  |2 22 
110 |a Université de Caen  |9 867790  |e auteur 
245 |a Des théories du droit naturel.  
260 |a Caen, France:   |b Presses Universitaires de Caen,   |c 1988. 
300 |a 159 páginas.  
490 |a Cahiers de philosophie politique et juridique,   |n 11. 
500 |a c.1 Donación Familia Prof. Alejandro Guzmán Brito. 
583 |c 20220329  |k Cristina María Rojas Aguilar 
650 |a Derecho natural   |x Teorias  |9 874052 
650 |a Filosofía del derecho  |9 874053 
942 |2 ddc  |c BK  |n 0 
952 |0 0  |1 0  |2 ddc  |4 0  |6 340_112000000000000_UNI_1988  |7 0  |8 C_AGB  |9 585413  |a BIBDER  |b BIBDER  |d 2022-07-27  |e Donación   |i 5653451  |o 340.112 UNI 1988  |p 5653451  |r 2023-01-25  |t 1  |w 2022-07-27  |y BK_US  |k AGB